000 00543nam a2200193Ia 4500
003 OSt
005 20260601115512.0
008 210210b1995 xxu||||| |||| 00| 0 eng d
040 _cAL
041 _aKannada
082 _a305.4K INDS
100 _aINDIRA (R).
_dಇಂದಿರಾ (ಆರ್)
_9264830
245 _aStrivada diksuchi.
_bಸ್ತ್ರೀವಾದ ದಿಕ್ಸೂಚಿ
260 _aMaisuru
_bSamata Adhyayana Kendra.
_c1995
300 _a70
690 _aWomen Studies
_9264831
906 _a052084
942 _2ddc
_cBK
999 _c100701
_d100701